header

Recession, recovery, and renewal (Record no. 12906)

MARC details
000 -LEADER
fixed length control field 02411nam a2200361 a 4500
082 04 - DEWEY DECIMAL CLASSIFICATION NUMBER
Classification number 658.4/012
100 1# - MAIN ENTRY--AUTHOR NAME
Personal name Raymond, Susan Ueber.
245 10 - TITLE STATEMENT
Title Recession, recovery, and renewal
260 ## - PUBLICATION, DISTRIBUTION, ETC. (IMPRINT)
Place of publication Hoboken :
Name of publisher Wiley,
Year of publication 2013.
300 ## - PHYSICAL DESCRIPTION
Number of Pages xiii, 274 p.
490 1# - SERIES STATEMENT
Series statement Wiley nonprofit authority
505 0# - FORMATTED CONTENTS NOTE
Formatted contents note Acknowledgments -- Introduction -- Cascading crisis -- Recovery and near term economic prospects -- A multi-polar global economy -- Appendix 1: Case solutions -- Case A: Plunging resources and community-wide crisis -- Case B: Private resource strategies for the long haul -- Case C: Private fundraising strategy in a newly open society -- Case D: Global company seeks global engagement -- Case E: Public resources and private outreach -- Case F: New leaders, new passion, persistent problems -- Case G: Strength to strength : partnership to boost engagement -- Case H: Globalization and social media -- Case I: Multichannel pathways to reach new fundraising markets -- Case J: New strength through simplifying identity -- Case K: Communications strategy for shifting demographics -- Case L: New institutions for new demographics -- Case M: New brand strategy amidst economic crisis -- Case N: Measuring subtle change in diverse organizations -- Appendix 2: Self-assessment questionnaire -- About the author -- Index.
650 #0 - SUBJECT ADDED ENTRY--TOPICAL TERM
Topical Term Nonprofit organizations
Topical Term Global Financial Crisis, 2008-2009.
Topical Term Strategic planning.
856 40 - ELECTRONIC LOCATION AND ACCESS
Uniform Resource Identifier http://site.ebrary.com/lib/rucke/Doc?id=10684937

No items available.

© 2026 Rongo University
Contact us: librarian | system librarian | Rongo university